Раскрой фасонных частей промышленной вентиляции

מידע ביבליוגרפי
מחבר ראשי: Агеев В. С. Василий Сергеевич
מחברים אחרים: Маркова В. Ф.
סיכום:В книге приведены принципы раскроя основных фасонных элементов воздуховодов : отводов, переходов, тройников, задвижек, зонтов и т. д. По каждому элементу приведен пример раскроя.
שפה:רוסית
יצא לאור: [Москва], Госстройиздат, 1963
נושאים:
פורמט: MixedMaterials ספר
KOHA link:https://koha.lib.tpu.ru/cgi-bin/koha/opac-detail.pl?biblionumber=349008

MARC

LEADER 00000nam0a2200000 4500
001 349008
005 20231102010149.0
035 |a (RuTPU)RU\TPU\retro\906 
090 |a 349008 
100 |a 20180403d1963 km y0rusy50 ca 
101 0 |a rus 
102 |a RU 
105 |a a z 000zy 
200 1 |a Раскрой фасонных частей промышленной вентиляции  |f В. С. Агеев, В. Ф. Маркова 
210 |a [Москва]  |c Госстройиздат  |d 1963 
215 |a 112 с.  |c ил. 
330 |a В книге приведены принципы раскроя основных фасонных элементов воздуховодов : отводов, переходов, тройников, задвижек, зонтов и т. д. По каждому элементу приведен пример раскроя. 
606 1 |a Воздуховоды  |x Фасонные части  |2 stltpush  |3 (RuTPU)RU\TPU\subj\3369  |9 31794 
610 1 |a зонты 
610 1 |a прямые переходы 
610 1 |a косые переходы 
610 1 |a базы 
610 1 |a отводы 
610 1 |a утки 
610 1 |a тройники 
610 1 |a крестовины 
610 1 |a рассекатели 
610 1 |a развертки 
610 1 |a шаблоны 
610 1 |a построение 
610 1 |a математические формулы 
610 1 |a пособия 
675 |a 697.922  |v 4 
700 1 |a Агеев  |b В. С.  |g Василий Сергеевич 
701 1 |a Маркова  |b В. Ф. 
801 1 |a RU  |b 63413507  |c 20180403 
801 2 |a RU  |b 63413507  |c 20180405  |g RCR 
942 |c BK